Agricultural geography.

Bibliographic Details
Main Author: Symons, Leslie
Format: Book
Language:English
Published: New York : Praeger, [1967]
Series:Praeger surveys in economic geography.
Subjects:

MARC

Tag First Indicator Second Indicator Subfields
LEADER 00000cam a22000001 4500
001 in00000051788
005 20151007074016.0
008 740410s1967 nyuab b 00000 eng
010 |a  67012296  
019 |a 556995 
035 |a (OCoLC)00273750 
035 |9 AAF0782AM 
040 |a DLC  |c DLC  |d TXA  |d UtOrBLW 
049 |a TXAM  |c [472444] 
050 0 0 |a S439  |b .S95 
082 0 |a 630/.9 
092 |a 630.9  |b S988a, 1967 
100 1 |a Symons, Leslie. 
245 1 0 |a Agricultural geography. 
264 1 |a New York :  |b Praeger,  |c [1967] 
300 |a x, 283 pages :  |b illustrations, maps. ;  |c 23 cm. 
336 |a text  |b txt  |2 rdacontent 
337 |a unmediated  |b n  |2 rdamedia 
338 |a volume  |b nc  |2 rdacarrier 
490 1 |a Praeger surveys in economic geography 
504 |a Bibliography: pages 261-268. 
650 0 |a Agricultural geography. 
830 0 |a Praeger surveys in economic geography. 
999 |a MARS 
999 f f |s 236aa4b5-00de-3a3f-ab64-9e7fcb7e1d08  |i 1750a37a-52ca-3437-b332-c2d544c56852  |t 0 
952 f f |p ric  |a Texas A&M University  |b Rellis Campus  |c Joint Library Facility  |d Remote Storage  |t 0  |e S439 .S95  |h Library of Congress classification  |i unmediated -- volume  |m A14801057251 
998 f f |a S439 .S95  |t 0  |l Remote Storage